Dosahy hospodárskej krízy na zmeny vybraných prvkov Corporate Identity podnikateľských subjektov

Dosahy hospodárskej krízy na zmeny Corporate Image podniklateľských subjektov. Kríza ako riziko straty pozitívneho imidžu. Stratégie podnikateľských subjektov na zníženie dosahov hospodárskej krízy. Dosahy hospodárskej krízy na zmeny Corporate Design. Značka ako najdôležitejšia časť podnikového diza...

Descrizione completa

Salvato in:
Dettagli Bibliografici
Autore principale: Šimorová, Lenka
Natura: Capitolo di libro
Lingua:slovacco
Soggetti:
Tags: Aggiungi Tag
Nessun Tag, puoi essere il primo ad aggiungerne!!

MARC

LEADER 00000naa$a2200000$$$4500
001 0147368
005 20240502072649.3
041 0 |a slo 
044 |a SK 
245 1 0 |a Dosahy hospodárskej krízy na zmeny vybraných prvkov Corporate Identity podnikateľských subjektov  |c Lenka Šimorová 
520 |a Dosahy hospodárskej krízy na zmeny Corporate Image podniklateľských subjektov. Kríza ako riziko straty pozitívneho imidžu. Stratégie podnikateľských subjektov na zníženie dosahov hospodárskej krízy. Dosahy hospodárskej krízy na zmeny Corporate Design. Značka ako najdôležitejšia časť podnikového dizajnu. Firemná komunikácia. Hodnotenie značiek na sociálnej sieti. Desať najlepších slovenských značiek podľa Hospodárskych novín v r. 2008. 
610 2 0 |a podnik 
610 2 0 |a identita podniková 
610 2 0 |a imidž 
610 2 0 |a dizajn 
610 2 0 |a logo 
610 2 0 |a značky výrobkov 
610 2 0 |a značky výrobné 
610 2 0 |a internet 
610 2 0 |a kríza hospodárska 
100 1 |a Šimorová, Lenka